01003 a2200205 45000010006000000050017000060080041000230030015000640400040000790800051001192450043001702640052002133000019002655050327002849420007006115900036006181000022006549990015006769520106006915334020260407155807.0260407a1942 arg spa dAR-UNSa-BCEJYS aAR-UNSa-BCEJYSbspacAR-UNSa-BCEJYS a336.7xMoneda. Sistema monetario. Banca. Bolsa10aOur modern banking and monetary system 1aNew Jersey :bPrentice/Hall Internacionalc1942 a596 p.c24 cm. a1. Money and monetary systems - 2. Banks and their operation - 3. Bank loans and investments - 4. Banking systemns - 5. Price changes and the determinants of the volume of money - 6. The demand for money, income, and the price level - 7. Applications of monetary and fiscal policy - 8. International monetary relationships cBK aniveau_biblio:m niveau_hierar:01 aThomas, Rollin G. c5196d5196 00104070aBCEJYSbBCEJYSc16d2026-04-07l0o336.7 T452pL21292r2026-04-07 15:58:07w2026-04-07yL